[Event "29th Politiken Cup"]
[Site "Copenhagen DEN"]
[Date "2007.07.25"]
[Round "6"]
[White "Hanssen,G"]
[Black "Strand,Kj"]
[Result "1-0"]
[WhiteElo "2242"]
[BlackElo "2081"]

1.Nf3 d5 2.c4 c6 3.g3 Nf6 4.Bg2 Bf5 5.cxd5 cxd5 6.Qb3 Qb6 7.Qxb6 axb6 8.Nc3 Nc6
9.d3 e6 10.Nh4 Bg6 11.Nxg6 hxg6 12.O-O Bc5 13.Bd2 O-O 14.Rfc1 Rfd8 15.h4 Ne5
16.Nb5 Nc6 17.Kf1 Rd7 18.Bh3 Kf8 19.Rc3 Ra4 20.Rcc1 Rd8 21.a3 Ne8 22.b4 Be7
23.Bg2 Rda8 24.e4 Bxb4 25.Be3 Bxa3 26.Nxa3 d4 27.Bd2 Rxa3 28.Rxa3 Rxa3 29.Rxc6 bxc6
30.Bb4+ c5 31.Bxa3 e5 32.Ke2 Ke7 33.f4 f6 34.fxe5 fxe5 35.Bh3 Kd6 36.Bc8 Nf6
37.Kf3 b5 38.g4 Ne8 39.g5 Nc7 40.Bb7 Ne6 41.Bc1 Nc7 42.Bd2 c4 43.Bb4+ Kd7
44.Bd5 c3 45.Ke2 Na6 46.Bf8 Nc7 47.Kd1 Ne8 48.Bf7 Nd6 49.Bxg6 b4 50.Kc2 Kc6
51.h5  1-0

[Event "Najdorf Mem GpA"]
[Site "Grodzisk Mazowiecki POL"]
[Date "2007.07.25"]
[Round "6"]
[White "Adamski,J"]
[Black "Szwed,J"]
[Result "1/2-1/2"]
[WhiteElo "2354"]
[BlackElo "2364"]

1.Nf3 d5 2.c4 e6 3.g3 dxc4 4.Qa4+ Nd7 5.Qxc4 a6 6.d4 b5 7.Qc6 Ra7 8.Be3 Bb7
9.Qc2 Ra8 10.Bg2 Rc8 11.O-O c5 12.dxc5 Bxc5 13.Bxc5 Rxc5 14.Qd3 Ngf6 15.Nbd2 O-O
16.Nb3 Rc8 17.Rac1 Rxc1 18.Rxc1 Qa8 19.Na5 Bd5 20.Ne1 Rc8 21.Bxd5 Nxd5 22.Rxc8+ Qxc8
23.Qc2 Qxc2 24.Nxc2 Nc5 25.Kf1 Kf8 26.Nc6 Ke8 27.Ke1 f6 28.f3 Kd7 29.N6b4 Nb6
30.Ne3 a5 31.Nbc2 b4 32.b3 e5 33.Kd2 Kc6 34.Ne1 Nb7 35.Nd3 Nd6 36.Nb2 Kc5
37.Nd3+ Kb5 38.Nc2 Nd5 39.e4 Nb6 40.a3 bxa3 41.Nxa3+ Kc6 42.Kc3 g5 43.g4 Nd7
44.h3 Nf8 45.Nc4 Nb5+ 46.Kd2 Nd4 47.Nxa5+ Kb5 48.Nb7 Nxf3+ 49.Ke3 Ng1 50.Nd6+ Ka5
51.Ne8 Nd7 52.b4+ Kb5 53.Nc5 Nxc5 54.bxc5 Kxc5 55.Nxf6 Nxh3 56.Nxh7 Kc4 57.Kf3 Kd3
58.Kg3 Nf4 59.Nxg5 Ke3 60.Nf7  1/2-1/2

[Event "Siberia B"]
[Site "Novosibirsk RUS"]
[Date "2007.07.25"]
[Round "7"]
[White "Dolgusheva,I"]
[Black "Malyshev,Vasilij"]
[Result "0-1"]
[WhiteElo "2050"]
[BlackElo "2367"]

1.Nf3 d5 2.c4 e6 3.g3 c6 4.Qc2 f5 5.d4 Nf6 6.Bg2 Bd6 7.O-O O-O 8.b3 Qe7 9.Nc3 Ne4
10.Ne1 b6 11.f3 Nxc3 12.Qxc3 e5 13.Nd3 e4 14.fxe4 dxe4 15.c5 bxc5 16.Nxc5 Nd7
17.Bf4 Bxc5 18.dxc5 Nxc5 19.Rfd1 Nb7 20.Qxc6 Be6 21.Rac1 a5 22.Qb6 Rfc8 23.Bc7 Nd8
24.Rxd8+ Rxd8 25.Bxd8 Rxd8 26.Qxa5 Qg5 27.Qc5 Rc8 28.Qxc8+ Bxc8 29.Rxc8+ Kf7
30.Kf2 Qd2  0-1

[Event "33rd Open"]
[Site "Sitges ESP"]
[Date "2007.07.25"]
[Round "8"]
[White "Movsziszian,K"]
[Black "Burmakin,V"]
[Result "0-1"]
[WhiteElo "2534"]
[BlackElo "2581"]

1.Nf3 d5 2.c4 c6 3.b3 Nf6 4.Bb2 Bf5 5.g3 h6 6.Bg2 e6 7.O-O Be7 8.d3 O-O 9.Nbd2 Bh7
10.a3 a5 11.Re1 Nbd7 12.Qc2 Qb6 13.h3 Rfe8 14.e4 dxe4 15.dxe4 Rad8 16.Re2 Nc5
17.Re3 Nfd7 18.Rb1 Na6 19.Bd4 c5 20.Bb2 Bf6 21.Bxf6 Nxf6 22.Qb2 e5 23.Rbe1 Nb8
24.Nxe5 Rxd2 25.Qxd2 Rxe5 26.f4 Re7 27.e5 Ne8 28.g4 Nc6 29.Bxc6 Qxc6 30.Qxa5 Nc7
31.f5 g6 32.Rf1 gxf5 33.gxf5 Bxf5 34.Rg3+ Bg6 35.Qd2 Rxe5 36.Qxh6 Ne8 37.Qf4 Qe6
38.Rg5 Rxg5+ 39.Qxg5 Qxh3 40.Re1 Ng7 41.Re3 Qd7 42.Qxc5 Nf5 43.Qd5 Qxd5 44.Re8+ Kg7
45.cxd5 Kf6 46.Rd8 Ke5 47.Kf2 Nd6 48.b4 Kxd5 49.a4 Bc2 50.a5 Bd3 51.Ke3 Bc4
52.Kd2 Bb5 53.Kc3 f5 54.Rf8 Ke4 55.Rf6 Ke5 56.Rh6 f4 57.Rh5+ Nf5 58.Kd2 Ba6
59.Ke1 Ke4 60.Rh7 Nd4 61.Kf2 Kd5 62.Rc7 Nb5 63.Rc5+ Ke4 64.Rc4+ Nd4 65.Rc7 Kd5
66.Kg2 Ne6 67.Rc8 Kd6 68.Kf2 Bb5 69.Rb8 Kc7 70.Rh8 Bc4 71.Rh5 Kc6 72.Re5 Kd6
73.Rf5 Bd3 74.Rh5 Nc7 75.Rh6+ Ke5 76.Rb6 Ba6 77.Kf3 Nb5 78.Rh6 Nd4+ 79.Kg4 Be2+
80.Kh3 f3 81.Rh5+ Nf5  0-1

[Event "ITT"]
[Site "Vicente Lopez ARG"]
[Date "2007.07.27"]
[Round "5"]
[White "Iermito,S"]
[Black "Real de Azua,E"]
[Result "1/2-1/2"]
[WhiteElo "2319"]
[BlackElo "2435"]

1.Nf3 d5 2.c4 c6 3.b3 Nf6 4.g3 Bg4 5.Bg2 e6 6.Bb2 Nbd7 7.O-O Bd6 8.d3 O-O
9.Na3 Re8 10.Nc2 a5 11.Rb1 Bh5 12.a3 Qb8 13.Ne3 b5 14.Nd4 Qb6 15.cxd5 cxd5
16.a4 b4  1/2-1/2

[Event "Czech Open GMA"]
[Site "Pardubice CZE"]
[Date "2007.07.28"]
[Round "9"]
[White "Shimanov,A"]
[Black "Bobras,P"]
[Result "0-1"]
[WhiteElo "2428"]
[BlackElo "2558"]

1.Nf3 d5 2.c4 c6 3.e3 Nf6 4.Nc3 a6 5.d4 b5 6.cxd5 cxd5 7.Ne5 e6 8.Bd3 Bd6
9.f4 Bb7 10.O-O Nc6 11.Bd2 O-O 12.Be1 Ne7 13.Bh4 Ne4 14.Qg4 Qe8 15.Qe2 f6
16.Nf3 b4 17.Nd1 Bc6 18.Be1 Bb5 19.Nf2 Bxd3 20.Qxd3 Qb5 21.Qxb5 axb5 22.Nd3 b3
23.a3 Rfc8 24.Bb4 Nf5 25.Rfe1 h5 26.Rab1 Rc2 27.Bxd6 Nfxd6 28.Nb4 Rc7 29.Rbd1 Rac8
30.Rd3 Rc1 31.Kf1 Rxe1+ 32.Nxe1 Rc1 33.Ke2 Nc4 34.Rxb3 Na5 35.Rd3 Rb1 36.Nec2 Rxb2
37.Ke1 Nc4 38.g3 Kf7 39.Kf1 Kg6 40.Kg2 Kf5 41.h3 Ned2 42.Kf2 Ke4 43.Ke2 Nb3
44.Rxb3 Rxb3 45.Na6 Kf5 46.Nc5 Rc3  0-1

[Event "Arximiro Penide Cedeira Mem"]
[Site "Arteixo ESP"]
[Date "2007.08.01"]
[Round "9"]
[White "Milchev,N"]
[Black "Starostits,I"]
[Result "1/2-1/2"]
[WhiteElo "2315"]
[BlackElo "2497"]

1.Nf3 d5 2.c4 d4 3.g3 g6 4.Bg2 Bg7 5.d3 e5 6.b4 Ne7 7.Bb2 O-O 8.O-O c6 9.Nbd2 Na6
10.Qb3 Nc7 11.a4 Ne6 12.Ba3 Rb8 13.a5 b6 14.axb6 axb6 15.Bb2 c5 16.bxc5 Nxc5
17.Qc2 Bb7 18.Rfb1 Ra8 19.Ne1 Bxg2 20.Nxg2 f5 21.Ba3 Qc7 22.Nb3 Ne6 23.Ra2 Ng5
24.Nd2 Rab8 25.Rb5 Kh8 26.Qb1 Bh6 27.Nf3 Nh3+ 28.Kf1 Bg7 29.Ng1 Nxg1 30.Kxg1 f4
31.Ne1 fxg3 32.hxg3 Rf5 33.Bxe7 Qxe7 34.Rxb6 Rbf8 35.Nf3 g5 36.Rb7 Qf6 37.Raa7 e4
38.dxe4 Rxf3 39.exf3 Qxf3 40.Qa2 Qd1+ 41.Kh2 Qh5+  1/2-1/2

[Event "TIPC"]
[Site "Charleroi BEL"]
[Date "2007.08.02"]
[Round "7"]
[White "Kveinys,A"]
[Black "Eliet,N"]
[Result "1/2-1/2"]
[WhiteElo "2537"]
[BlackElo "2454"]

1.Nf3 d5 2.c4 c6 3.e3 Nf6 4.Nc3 e6 5.b3 Nbd7 6.Qc2 Bd6 7.Bb2 O-O 8.Be2 a6
9.d4 Qe7 10.O-O e5  1/2-1/2

[Event "Open"]
[Site "Olomouc CZE"]
[Date "2007.08.02"]
[Round "1"]
[White "Gumula,D"]
[Black "Kalousek,Z"]
[Result "1-0"]
[WhiteElo "2387"]
[BlackElo "1894"]

1.Nf3 d5 2.c4 d4 3.e3 dxe3 4.fxe3 Nf6 5.Nc3 g6 6.d4 Bg7 7.c5 b6 8.cxb6 axb6
9.Bb5+ c6 10.Bc4 O-O 11.O-O Ba6 12.Bxa6 Nxa6 13.e4 Qc7 14.Qe2 e6 15.Bg5 Nd7
16.Rac1 Qb7 17.e5 h6 18.Bh4 Nc7 19.a3 Rfc8 20.Ne4 Ne8 21.Nfd2 Nf8 22.Nc4 Qc7
23.Qf3 Ra7 24.Ncd6 Rca8 25.Nxe8 Rxe8 26.Nd6 Rb8 27.Rxc6 Qd7 28.Rfc1 g5 29.Bg3 Ng6
30.Nb5 Rab7 31.Rc7  1-0

[Event "Proclient Cup IMA"]
[Site "Olomouc CZE"]
[Date "2007.08.02"]
[Round "2"]
[White "Cernin,R"]
[Black "Butuc,M"]
[Result "1/2-1/2"]
[WhiteElo "2314"]
[BlackElo "2082"]

1.Nf3 d5 2.c4 c6 3.d4 Nf6 4.cxd5 cxd5 5.Nc3 Nc6 6.Bf4 a6 7.Rc1 Bf5 8.e3 Rc8
9.Be2 e6 10.O-O Bd6 11.Bxd6 Qxd6 12.Qb3 Qe7 13.Na4 O-O 14.Nc5 Rc7 15.Rc3 Ne4
16.Nxe4 Bxe4 17.Qb6 Bxf3 18.Bxf3 Rfc8 19.Rfc1 a5 20.a3 Qd8 21.Be2 Re7 22.Qb5 Rec7
23.Qc5 Qe7 24.Qb6 e5 25.dxe5 Qxe5 26.Bb5 h6 27.Bxc6 Rxc6 28.Qxa5 Rxc3 29.Rxc3 Rxc3
30.Qxc3 Qe4 31.h3 Kh7 32.g3 Qf5 33.h4 g5 34.hxg5 hxg5 35.Kf1 Kg6 36.Ke2 Qg4+
37.Kd2 Qf3 38.Qc2+ f5 39.Ke1 Qh1+ 40.Ke2 g4 41.Kd2 Qf1 42.Kc3 Qc4+ 43.Kd2 Qf1
44.Kc3  1/2-1/2

[Event "MTO"]
[Site "Biel SUI"]
[Date "2007.08.03"]
[Round "11"]
[White "Hausrath,D"]
[Black "Matveeva,S"]
[Result "1/2-1/2"]
[WhiteElo "2494"]
[BlackElo "2420"]

1.Nf3 d5 2.c4 e6 3.g3 dxc4 4.Qa4+ c6 5.Qxc4 b5 6.Qc2 Bb7 7.Bg2 c5 8.a4 b4
9.a5 Nd7 10.O-O Rc8 11.d3 Ne7 12.Nbd2 Nf5 13.e3 Be7 14.b3 Bf6 15.Bb2 Nd6
16.Rfc1 O-O 17.a6 Ba8 18.Nc4 Nb5 19.Nfd2 Bxg2 20.Kxg2 Bxb2 21.Qxb2 Nf6 22.Ra5 Nc3
23.Nb1  1/2-1/2

[Event "Arctic Chess Challenge"]
[Site "Tromso NOR"]
[Date "2007.08.04"]
[Round "1"]
[White "Markosian,D"]
[Black "Johnsen,Sv"]
[Result "1-0"]
[WhiteElo "2343"]
[BlackElo "2172"]

1.Nf3 d5 2.c4 e6 3.e3 Nf6 4.Nc3 Be7 5.d4 O-O 6.Bd3 a5 7.O-O Nbd7 8.e4 dxe4
9.Nxe4 Nxe4 10.Bxe4 Nf6 11.Bc2 b6 12.Qe2 Bb7 13.Rd1 Qe8 14.Bg5 Rd8 15.h3 c5
16.dxc5 bxc5 17.Bd2 a4 18.Ne5 Bd6 19.Ba5 Ra8 20.Bc3 Bxe5 21.Bxe5 Qc6 22.f3 Rfd8
23.Qe3 Ne8 24.Rd2 Rxd2 25.Qxd2 a3 26.b3 f6 27.Bg3 e5 28.Bf2 Qc7 29.Rd1 Rc8  1-0

[Event "12th Open"]
[Site "Creon FRA"]
[Date "2007.08.05"]
[Round "9"]
[White "Gallice,F"]
[Black "Velten,P"]
[Result "0-1"]
[WhiteElo "1881"]
[BlackElo "2023"]

1.Nf3 d5 2.c4 e6 3.g3 Nf6 4.Bg2 Be7 5.b3 O-O 6.Bb2 Nbd7 7.O-O b6 8.d3 Bb7
9.Nbd2 Rc8 10.Rc1 c5 11.Ne5 Nxe5 12.Bxe5 Nd7 13.Bb2 Bf6 14.Bxf6 Qxf6 15.Rc2 Rc7
16.Qa1 d4 17.Bxb7 Rxb7 18.a3 Qh6 19.Kg2 f5 20.Nf3 e5 21.Qc1 Qc6 22.b4 e4
23.dxe4 fxe4 24.Ng5 e3+ 25.f3 h6 26.Ne4 Ne5 27.b5 Qe6 28.h3 Rbf7 29.a4 d3
30.exd3 Nxf3 31.Re2 Nh4+ 32.gxh4 Qg6+ 33.Ng3 Rxf1 34.Qxe3 R1f3 35.Qe6+ Qxe6
36.Rxe6 Rxd3 37.Re7 Rf7 38.Re4 Ra3 39.Nh5 Rxa4 40.Nf4 Rd7 41.h5 Kf7 42.Ng6 Rd4
43.Re7+ Kf6 44.Rc7 Rdxc4 45.Rc6+ Kg5 46.Ne5 Rc2+ 47.Kf3 Rc3+ 48.Ke2 Ra2+
49.Kd1 Rxh3 50.Rg6+ Kf5  0-1

[Event "XVIII Kochan Mem"]
[Site "Koszalin POL"]
[Date "2007.08.05"]
[Round "1"]
[White "Sokolowski,Ry"]
[Black "Lapinski,K"]
[Result "1/2-1/2"]
[WhiteElo "2089"]
[BlackElo "2175"]

1.Nf3 d5 2.c4 e6 3.g3 c6 4.Bg2 Bd6 5.Qc2 f5 6.b3 Nf6 7.Ba3 Bxa3 8.Nxa3 O-O
9.O-O Qe7 10.Qb2 Nbd7 11.d4 b6 12.Rac1 Bb7 13.b4 Rab8 14.e3 c5 15.b5 Rbc8
16.Rfd1 Rfd8 17.Ne5 Ne4 18.f3 Nd6 19.cxd5 Bxd5 20.Nd3 cxd4 21.exd4 Nc4 22.Nxc4 Bxc4
23.f4 Qd6 24.Ne5 Nxe5 25.fxe5 Qf8 26.Bb7 Rb8 27.Rxc4 Rxb7 28.Rc6 Qe8 29.Qb3 Re7
30.d5 exd5 31.Rxd5 Kh8 32.Rxd8 Qxd8 33.Qd3 Qg8 34.Qd6 Re8 35.e6 h6 36.e7 Qf7
37.Rc7 Kh7 38.Rxa7 Qc4 39.a4 Qc1+ 40.Kg2 Qc2+ 41.Kh3 Qe2 42.Qf4 Qh5+ 43.Kg2 Qe2+
44.Qf2 Qe4+ 45.Qf3 Qc2+ 46.Kh3 Qb1 47.Rd7 Qc2 48.Qc6 Qe2 49.Qd5 Qg4+ 50.Kg2 Qe2+
51.Kg1 Qe1+ 52.Kg2  1/2-1/2

[Event "Open"]
[Site "Olomouc CZE"]
[Date "2007.08.06"]
[Round "6"]
[White "Kutynec,V"]
[Black "Hermansen,H"]
[Result "1-0"]
[WhiteElo "2319"]
[BlackElo "2089"]

1.Nf3 d5 2.c4 c6 3.g3 Nf6 4.Bg2 g6 5.b3 Bg7 6.Bb2 O-O 7.O-O Nbd7 8.d3 Qc7
9.cxd5 Nxd5 10.Bxg7 Kxg7 11.e4 N5f6 12.Nc3 Ne5 13.Nxe5 Qxe5 14.d4 Qa5 15.Qc2 e5
16.Rad1 exd4 17.Rxd4 Qh5 18.Ne2 Ng4 19.h3 Ne5 20.f4 Nd7 21.Rfd1 Nf6 22.Rd6 Qa5
23.Qb2 Be6 24.g4 Rad8 25.Rxd8 Rxd8 26.Rxd8 Qxd8 27.g5 Qb6+ 28.Kf1 Qe3 29.gxf6+ Kh6
30.Qe5  1-0

[Event "Petrovskaya Ladya IM1"]
[Site "Peterhof RUS"]
[Date "2007.08.06"]
[Round "1"]
[White "Feofanov,D"]
[Black "Gavrilov,O"]
[Result "1/2-1/2"]
[WhiteElo "2381"]
[BlackElo "2320"]

1.Nf3 d5 2.c4 c6 3.e3 Nf6 4.d4 Bg4 5.cxd5 Bxf3 6.Qxf3 cxd5 7.Nc3 e6 8.Bd3 Bd6
9.O-O O-O 10.Bd2 Nc6  1/2-1/2

[Event "HZ Open"]
[Site "Vlissingen NED"]
[Date "2007.08.06"]
[Round "4"]
[White "Van Rij,G"]
[Black "Michiels,R"]
[Result "0-1"]
[WhiteElo "2065"]
[BlackElo "2226"]

1.Nf3 d5 2.c4 e6 3.d4 Nf6 4.g3 Nbd7 5.Bg2 Be7 6.O-O O-O 7.Qc2 Ne4 8.Nbd2 f5
9.e3 c6 10.b3 Qe8 11.Ne5 Qh5 12.f4 Nxe5 13.dxe5 Qe2 14.Kh1 Nf2+ 15.Kg1 Ng4
16.Qc3 Bc5 17.Nf3 Nxe3 18.Bxe3 Qxe3+ 19.Qxe3 Bxe3+ 20.Kh1 Bd7 21.Rad1 b5
22.Rd3 Bc5 23.Rc1 Rfc8 24.Rdc3 Ba3 25.Rb1 Bb4 26.Rc2 a5 27.c5 a4 28.Nd4 Ra6
29.Rf1 axb3 30.Nxb3 Rca8 31.Rff2 Ra4 32.Bf1 Be8 33.Kg2 Be1 34.Rfe2 Bb4 35.Rf2 Bh5
36.Be2 Bxe2 37.Rfxe2 Ba5 38.Re3 Kf7 39.Kf3 Rc4 40.Ree2 Bb4 41.Ke3 Ra3 42.Kf2 d4  0-1

[Event "Open"]
[Site "Olomouc CZE"]
[Date "2007.08.07"]
[Round "7"]
[White "Kutynec,V"]
[Black "Shumilov,I"]
[Result "1/2-1/2"]
[WhiteElo "2319"]
[BlackElo "2184"]

1.Nf3 d5 2.c4 e6 3.d4 f5 4.g3 Nf6 5.Bg2 c6 6.O-O Bd6 7.b3 Qe7 8.Bb2 b6 9.Ne5 Bb7
10.Nd2 O-O 11.Qc2 a5 12.Rfc1 Na6 13.cxd5 Nb4 14.Qd1 cxd5 15.a3 Na6 16.e3 Rfc8
17.Nd3 Rxc1 18.Nxc1 Rc8 19.Ne2 Bc6 20.Nc3 Nc7 21.Bf1 Bd7 22.a4 Ne4 23.Rc1 Nxc3
24.Rxc3 Bb4 25.Rc2 Ne8 26.Nf3 Qd8 27.Ba6 Rxc2 28.Qxc2 Qc7 29.Qd3 Nd6 30.Ne5 Be8
31.Kg2 Nf7 32.Nf3 Nd6 33.Ne5 Nf7 34.f3 Bd6 35.Bb5 Qc8 36.Bxe8 Qxe8 37.Nxf7 Kxf7
38.e4 fxe4 39.fxe4 Kg8 40.e5  1/2-1/2

[Event "Proclient Cup IMA"]
[Site "Olomouc CZE"]
[Date "2007.08.07"]
[Round "9"]
[White "Cernin,R"]
[Black "Tuma,J"]
[Result "1/2-1/2"]
[WhiteElo "2314"]
[BlackElo "2292"]

1.Nf3 d5 2.c4 c6 3.d4 Nf6 4.Nc3 e6 5.cxd5 exd5 6.Qc2 Be7 7.Bg5 Nbd7 8.e3 O-O
9.Bd3 Re8 10.O-O-O Nf8 11.h3 a5 12.g4 a4 13.Kb1 a3 14.b3 b6 15.Ne5 Bb7 16.f4 N6d7
17.Bxe7 Qxe7 18.g5 c5 19.Nxd7 Qxd7 20.Bb5 Bc6 21.Bxc6 Qxc6 22.dxc5 Rad8 23.cxb6 Rc8
24.Rc1 Qxb6 25.Nxd5 Rxc2 26.Nxb6 Rb2+ 27.Ka1 Rxe3 28.Rce1 Rh2 29.Kb1 Rb2+
30.Ka1 Rh2 31.Kb1 Rb2+ 32.Ka1  1/2-1/2

[Event "ch-AUT"]
[Site "Tweng AUT"]
[Date "2007.08.07"]
[Round "4"]
[White "Pilaj,H"]
[Black "Kuba,G"]
[Result "1/2-1/2"]
[WhiteElo "2388"]
[BlackElo "2413"]

1.Nf3 d5 2.c4 dxc4 3.e3 Nf6 4.Bxc4 e6 5.O-O a6 6.d4 c5 7.dxc5 Qxd1 8.Rxd1 Bxc5
9.Be2 Nbd7 10.b3 b6 11.Bb2 Bb7 12.Nbd2  1/2-1/2

[Event "UTwente YM"]
[Site "Hengelo NED"]
[Date "2007.08.08"]
[Round "5"]
[White "Bogner,S"]
[Black "Van Oosterom,C"]
[Result "0-1"]
[WhiteElo "2371"]
[BlackElo "2358"]

1.Nf3 d5 2.c4 c6 3.e3 Nf6 4.d4 e6 5.Bd3 Nbd7 6.O-O Bd6 7.Nbd2 O-O 8.e4 e5
9.cxd5 cxd5 10.exd5 exd4 11.Nc4 Nb6 12.Nxb6 axb6 13.Bc4 Bg4 14.Qxd4 Qc7 15.Kh1 Bxf3
16.gxf3 Be5 17.Qd3 Ra4 18.Bb3 Rh4 19.f4 Bxf4 20.Bxf4 Qxf4 21.Qg3 Qh6 22.f3 Rh3
23.Qg2 Qh4 24.Rac1 b5 25.Rfd1 Nh5 26.Rc2 Ng3+ 27.Kg1 Nf5 28.Re2 Qh6 29.Qf2 Nh4
30.Re3 Qg5+ 31.Kf1 Qf4 32.Re4 Qf5 33.Re3 Nxf3 34.Red3 Re8 35.Bc2 Nxh2+ 36.Kg1 Nf3+
37.Rxf3 Qxf3 38.Qxf3 Rxf3 39.d6 Rd8 40.Be4 Rf6 41.d7 Rb6 42.Rc1 Kf8  0-1

[Event "ch-AUT"]
[Site "Tweng AUT"]
[Date "2007.08.08"]
[Round "5"]
[White "Baumegger,S"]
[Black "Hoelzl,F"]
[Result "1/2-1/2"]
[WhiteElo "2434"]
[BlackElo "2353"]

1.Nf3 d5 2.c4 e6 3.e3 Nf6 4.Nc3 c5 5.cxd5 exd5 6.d4 Nc6 7.Bb5 cxd4 8.Nxd4 Bd7
9.O-O Bd6 10.Be2 O-O 11.Ndb5 Be5 12.Nxd5 Nxd5 13.Qxd5 Be6 14.Qc5 Qa5 15.Qc2 Rfd8
16.Nc3 Nb4 17.Qb1 Rac8 18.a3 Nd5 19.Bd2 Nxc3 20.Bxc3 Bxc3 21.bxc3 Rxc3 22.Qxb7  1/2-1/2

[Event "Open"]
[Site "Olomouc CZE"]
[Date "2007.08.09"]
[Round "9"]
[White "Kutynec,V"]
[Black "Galvanek,L"]
[Result "1-0"]
[WhiteElo "2319"]
[BlackElo "2158"]

1.Nf3 d5 2.c4 e6 3.d4 c5 4.cxd5 exd5 5.g3 Nc6 6.Bg2 Nf6 7.O-O Be7 8.Nc3 O-O
9.Bg5 Be6 10.dxc5 Bxc5 11.Bxf6 Qxf6 12.Nxd5 Qxb2 13.Nc7 Rad8 14.Qc1 Qxc1
15.Rfxc1 Be7 16.Nxe6 fxe6 17.Rab1 Na5 18.Rb5 b6 19.Bh3 Rd6 20.Re5 Kf7 21.Rc7 Nc6
22.Rxe6 Rxe6 23.Ng5+  1-0

[Event "Jihlavanka Cup GMB"]
[Site "Olomouc CZE"]
[Date "2007.08.09"]
[Round "11"]
[White "Hasangatin,R"]
[Black "Reutsky,S"]
[Result "1-0"]
[WhiteElo "2476"]
[BlackElo "2360"]

1.Nf3 d5 2.c4 e6 3.b3 Nf6 4.g3 Be7 5.Bg2 O-O 6.O-O c6 7.Bb2 b6 8.d3 Bb7 9.e3 Nbd7
10.Qe2 Qc7 11.Nc3 Rac8 12.Rac1 Qb8 13.Rfd1 e5 14.d4 e4 15.Nh4 Rfd8 16.f3 exf3
17.Qxf3 g6 18.Rf1 Rf8 19.Rce1 Ba6 20.e4 dxc4 21.Qe2 c5 22.e5 cxd4 23.exf6 Bc5
24.Kh1 dxc3 25.Bxc3 Rfe8 26.Qd2 Ne5 27.b4 Bf8 28.Qd5 Nd3 29.Qxf7+ Kxf7 30.Bd5+ Re6
31.Bxe6+ Ke8 32.Bxc8+ Nxe1 33.Rxe1+ Kd8 34.Bxa6 Qd6 35.Ng2 Qd3 36.Be5 Bxb4
37.f7 Qf5 38.Bxc4 b5 39.Be6 Qf3 40.Bf4  1-0

[Event "Scandinavian Chess Tournament"]
[Site "Taby SWE"]
[Date "2007.08.10"]
[Round "9"]
[White "Gamback,B"]
[Black "Palmblad,J"]
[Result "1-0"]
[WhiteElo "2219"]
[BlackElo "2154"]

1.Nf3 d5 2.c4 e6 3.d4 c5 4.cxd5 exd5 5.g3 Nc6 6.Bg2 Nf6 7.O-O cxd4 8.Nxd4 Be7
9.Nc3 O-O 10.Be3 Be6 11.Rc1 Ng4 12.Nxe6 fxe6 13.Bd4 Nf6 14.Bxf6 Bxf6 15.Bh3 Qd6
16.Ne4 Qe7 17.Nc5 Bxb2 18.Rc2 Nd4 19.Nxe6 Nxc2 20.Qxc2 Bf6 21.Nxf8 Rxf8 22.e3 Rd8
23.Qb3 Kh8 24.Bg2 d4 25.exd4 Bxd4 26.Bxb7 g6 27.Bf3 Bb6 28.Rc1 Qf6 29.Rc2 Rf8
30.Kg2 Qd4 31.Qb2 Qxb2 32.Rxb2 Rf5 33.Re2 Kg7 34.Bg4 Rd5 35.Be6 Rd6 36.Bb3 Kf6
37.f4 Ba5 38.Kf3 Rd3+ 39.Kg4 Rd2 40.Re6+ Kg7 41.Re7+ Kf6 42.Rf7+  1-0

[Event "Open"]
[Site "Kavala GRE"]
[Date "2007.08.11"]
[Round "8"]
[White "Milanovic,Da"]
[Black "Papadopoulos,I"]
[Result "1/2-1/2"]
[WhiteElo "2495"]
[BlackElo "2395"]

1.Nf3 d5 2.c4 c6 3.Qc2 Nf6 4.g3 Bg4 5.Bg2 Nbd7 6.d3 e6 7.Nbd2 Bd6 8.h3 Bxf3
9.Nxf3 Qc7 10.O-O O-O 11.Bd2 a5 12.cxd5 exd5 13.Nd4 Rfe8 14.e4 Bc5 15.Nf5 g6
16.Bf4 Qb6 17.Nh6+ Kg7 18.Ng4 dxe4 19.Bh6+ Kg8 20.Nxf6+ Nxf6 21.dxe4 Bd4
22.Rab1 Re6 23.Rfe1 Nh5 24.g4 Rf6 25.Be3 Bxe3 26.Rxe3 Nf4 27.Rf3 Qb5 28.Re1 Nxg2
29.Kxg2 Rxf3 30.Kxf3 Rd8 31.Re3 Qf1 32.Kg3 Qg1+ 33.Kh4 Qh2 34.Rg3 Re8 35.Kg5 Qh1
36.Re3 Qh2 37.Rg3 Qh1 38.Re3 Qh2 39.Rg3  1/2-1/2

[Event "It"]
[Site "Kemerovo RUS"]
[Date "2007.08.11"]
[Round "9"]
[White "Kljucharev,S"]
[Black "Dralov,V"]
[Result "1/2-1/2"]
[WhiteElo "2320"]
[BlackElo "2196"]

1.Nf3 d5 2.c4 d4 3.e3 c5 4.b4 dxe3 5.fxe3 cxb4 6.d4 e6 7.Bd3 Nc6 8.O-O g6
9.Bb2 Bg7 10.Qe2 Nf6 11.Nbd2 O-O 12.e4  1/2-1/2

[Event "Romanian Open"]
[Site "Predeal ROM"]
[Date "2007.08.11"]
[Round "1"]
[White "Sgircea,S"]
[Black "Murariu,A"]
[Result "0-1"]
[WhiteElo "2132"]
[BlackElo "2511"]

1.Nf3 d5 2.c4 c6 3.e3 Nf6 4.Nc3 a6 5.b3 Bg4 6.d4 Nbd7 7.Be2 e6 8.O-O Bd6
9.Qc2 O-O 10.e4 dxe4 11.Nxe4 Nxe4 12.Qxe4 Bf5 13.Qe3 Nf6 14.Ne5 a5 15.a4 Qc7
16.Ba3 Bxa3 17.Rxa3 Rfd8 18.Rd1 c5 19.Raa1 Bc2 20.Rd2 cxd4 21.Rxd4 Rxd4 22.Qxd4 Bxb3
23.Qb2 Ne4 24.Ra3 Nc5 25.Nd3 Bxc4 26.Nxc5 Bxe2 27.Rc3 Qe5 28.Nxb7 Ba6 29.h3 f6
30.Nc5 Bc4 31.Qc2 Bd5 32.Re3 Qa1+ 33.Kh2 Rc8 34.Rc3 Qe1 35.Ne4 Rf8 36.Re3 Qb4
37.Ng3 Qf4 38.Kg1 Rb8 39.Ne2 Qb4 40.Kh2 Qd6+ 41.Kg1 Qb6 42.Nf4 Qb1+ 43.Qxb1 Rxb1+
44.Kh2 Rb4 45.Nxe6 Rxa4 46.Nd8 Re4 47.Rd3 Ba8 48.Rd7 Re8 49.Nb7 Bxb7 50.Rxb7 Ra8  0-1

[Event "ch-Tula"]
[Site "Tula RUS"]
[Date "2007.08.11"]
[Round "9"]
[White "Zhavoronkov,E"]
[Black "Yagupov,I"]
[Result "1/2-1/2"]
[WhiteElo "2292"]
[BlackElo "2494"]

1.Nf3 d5 2.c4 c6 3.e3 Nf6 4.d4 Bf5 5.Bd3 Bg6 6.cxd5 cxd5 7.Bxg6 hxg6 8.Qb3 Qc7
9.Nc3 e6 10.Bd2 Nc6 11.Rc1 Rc8 12.Ng5 Be7 13.f4 O-O 14.Ne2 Qb8 15.O-O b5
16.Rc2 a6 17.Rfc1 Qb7 18.Ng3 Nd7 19.Nf3 Nb6 20.Ne5 Nxe5 21.fxe5 Nc4 22.Qd3 Bd8
23.b3  1/2-1/2

[Event "HZ Open"]
[Site "Vlissingen NED"]
[Date "2007.08.11"]
[Round "9"]
[White "Van der Heijden,Al"]
[Black "Porte,H"]
[Result "1-0"]
[WhiteElo "2215"]
[BlackElo "2105"]

1.Nf3 d5 2.c4 c6 3.d4 Nf6 4.Qc2 e6 5.g3 Be7 6.Bg2 O-O 7.O-O dxc4 8.Qxc4 b5
9.Qc2 Bb7 10.Nbd2 Nbd7 11.Nb3 h6 12.Rd1 Qb6 13.Bd2 c5 14.dxc5 Nxc5 15.Ba5 Qa6
16.Bb4 Nxb3 17.axb3 Be4 18.Qxe4 Qxa1 19.Rxa1 Nxe4 20.Bxe7 Rfe8 21.Bb4 Rac8
22.Nd4 Nf6 23.Nc6 Kh8 24.Rxa7 Nd5 25.Bxd5 exd5 26.Nd4  1-0

[Event "Open"]
[Site "Callao PER"]
[Date "2007.08.12"]
[Round "6"]
[White "Moskow,E"]
[Black "Rosello,J"]
[Result "1-0"]
[WhiteElo "2254"]
[BlackElo "2114"]

1.Nf3 d5 2.c4 e6 3.g3 Nf6 4.Bg2 Be7 5.O-O O-O 6.b3 b6 7.Bb2 Bb7 8.e3 Nbd7
9.Qe2 c5 10.cxd5 Nxd5 11.Rd1 Bf6 12.d3 Bxb2 13.Qxb2 Qe7 14.a3 Rfd8 15.Nbd2 N5f6
16.Nc4 Nf8 17.b4 Rac8 18.bxc5 Qxc5 19.Nce5 Ng6 20.Rac1 Qa5 21.Rxc8 Rxc8 22.Nc4 Qh5
23.Ncd2 Qc5 24.Qa1 Kf8 25.h3 Qc3 26.Nc4 Qxa1 27.Rxa1 Ke7 28.Nd4 Bxg2 29.Kxg2 Nd7
30.Kf3 Nc5 31.Ke2 Rc7 32.f4 f6 33.a4 e5 34.Nf5+ Ke6 35.Nfd6 Nf8 36.a5 Nb3
37.axb6 axb6 38.Rb1 Na5 39.Rxb6 Nxc4 40.Nxc4+ Kd5 41.fxe5 fxe5 42.Rb5+ Kc6
43.Rxe5 Ng6 44.Rh5 h6 45.Ne5+ Nxe5 46.Rxe5 Kd6 47.d4 Rc2+ 48.Kf3 Ra2 49.h4 Ra1
50.Re8 Rf1+ 51.Kg2 Re1 52.Kf2 Ra1 53.Rg8 Ra7 54.e4  1-0

[Event "17th Chess Festival"]
[Site "Abu Dhabi UAE"]
[Date "2007.08.13"]
[Round "2"]
[White "Navabi,S"]
[Black "Pourkashiyan,A"]
[Result "0-1"]
[WhiteElo "2121"]
[BlackElo "2322"]

1.Nf3 d5 2.c4 e6 3.e3 Nf6 4.b3 Be7 5.Bb2 O-O 6.Nc3 c5 7.cxd5 exd5 8.d4 b6
9.Be2 Bb7 10.O-O Nbd7 11.Rc1 Ne4 12.dxc5 Nxc3 13.Bxc3 bxc5 14.Qd2 Rc8 15.Rfd1 Bf6
16.Qb2 Bxc3 17.Rxc3 Nf6 18.Bd3 d4 19.exd4 Bxf3 20.gxf3 Nd5 21.Rxc5 Qg5+ 22.Kh1 Qf6
23.Qe2 Rxc5 24.Qe4 g6 25.Rg1 Nc3 26.Qe3 Rh5  0-1

[Event "Open"]
[Site "Callao PER"]
[Date "2007.08.13"]
[Round "8"]
[White "Moskow,E"]
[Black "Ascoy,A"]
[Result "0-1"]
[WhiteElo "2254"]
[BlackElo "2178"]

1.Nf3 d5 2.c4 c6 3.d4 e6 4.e3 Nf6 5.Nbd2 Nbd7 6.Bd3 Be7 7.O-O O-O 8.b3 b6
9.e4 dxe4 10.Nxe4 Bb7 11.Bf4 c5 12.Nd6 Qc7 13.dxc5 Nxc5 14.Nxb7 Qxf4 15.Nxc5 Bxc5
16.Qe2 Rad8 17.Rad1 Qh6 18.h3 Nh5 19.Qe5 Be7 20.Qc7 Qf6 21.Qe5 Nf4 22.Qxf6 Bxf6
23.Bc2 Ne2+ 24.Kh2 g6 25.g3 Bb2 26.Kg2 h6 27.Rxd8 Rxd8 28.a4 a5 29.Rd1 Rxd1
30.Bxd1 Nc1 31.Bc2 f5 32.Ne1 Ne2 33.Nf3 Kf7 34.Kf1 Nc1 35.Ne1 Bd4 36.Nd3 Na2
37.h4 e5 38.Ke1 Kf6 39.f3 g5 40.hxg5+ hxg5 41.b4 Bc3+ 42.Kf2 Bxb4 43.g4 f4
44.Kf1 Bc5 45.Nxc5 bxc5 46.Ke1 e4 47.Bxe4 Ke5 48.Kd2 Kd4 49.Bg6 Nc3 50.Kc2 Nxa4
51.Bf7 Nb6 52.Kb3 a4+  0-1

[Event "RC Sport Open"]
[Site "Ceska Trebova CZE"]
[Date "2007.08.13"]
[Round "5"]
[White "Weinzettl,E"]
[Black "Vlasak,L"]
[Result "1/2-1/2"]
[WhiteElo "2328"]
[BlackElo "2059"]

1.Nf3 d5 2.c4 d4 3.e3 Nc6 4.exd4 Nxd4 5.Nxd4 Qxd4 6.Nc3 Bg4 7.Qa4+ Bd7 8.Qb3 Bc6
9.d3 e5 10.Be3 Qg4 11.Be2 Qg6 12.O-O-O Be7 13.Bf3 Bxf3 14.gxf3 Qc6 15.f4 O-O-O
16.fxe5 Bc5 17.Rhe1 Bxe3+ 18.fxe3 Nh6 19.d4 Ng4 20.Re2 Qf3 21.Qc2 Rhe8 22.Rde1 h5
23.h3 Nh6 24.Rg2 g6 25.Qf2 Qxh3 26.Nd5 Qe6 27.Qf6 Ng4 28.Qxe6+ Rxe6 29.Nf4 Ree8
30.Kc2 c6 31.Kc3 Kc7  1/2-1/2